[Event "CZE-chT2B 1617"]
[Site "Czech Republic"]
[Date "2016.11.13"]
[Round "3.5"]
[White "Chaloupka, Vladimir"]
[Black "Hucin, Jan"]
[Result "1-0"]
[WhiteElo "2069"]
[BlackElo "2075"]
[PlyCount "63"]
[EventDate "2016.10.09"]
[EventType "team-tourn"]
[EventRounds "11"]
[EventCountry "CZE"]
[SourceTitle "EXT 2022"]
[Source "ChessBase"]
[SourceDate "2021.10.06"]
[SourceVersion "1"]
[SourceVersionDate "2021.10.06"]
[SourceQuality "1"]
[WhiteTeam "Litomerice"]
[BlackTeam "Bartos Unichess II"]
[WhiteTeamCountry "CZE"]
[BlackTeamCountry "CZE"]

1. d4 Nf6 2. c4 e6 3. Nf3 Bb4+ 4. Nbd2 b6 5. a3 Bxd2+ 6. Bxd2 Bb7 7. g3 0-0 8. Bg2 d6 9. 0-0 Nbd7 10. b3 Ne4 11. Bc1 Qe7 12. Qc2 f5 13. Ne1 c5 14. f3 Nef6 15. e3 Rac8 16. a4 a5 17. Rf2 e5 18. d5 e4 19. Bh3 g6 20. f4 Kf7 21. Ng2 Ke8 22. Nh4 Nh5 23. Bb2 Rc7 24. Qe2 Bc8 25. Nxf5 Nxf4 26. Rxf4 gxf5 27. Bxf5 Ne5 28. Bxe4 Rxf4 29. exf4 Bg4 30. Qf2 Nd7 31. Re1 Kd8 32. Bf3 1-0

[Event "CZE-chT2A 1516"]
[Site "Czech Republic"]
[Date "2016.02.21"]
[Round "8.8"]
[White "Bicek, Richard"]
[Black "Hucin, Jan"]
[Result "0-1"]
[WhiteElo "2033"]
[BlackElo "2129"]
[PlyCount "126"]
[EventDate "2015.10.18"]
[EventType "team-tourn"]
[EventRounds "11"]
[EventCountry "CZE"]
[SourceTitle "EXT 2022"]
[Source "ChessBase"]
[SourceDate "2021.10.06"]
[SourceVersion "1"]
[SourceVersionDate "2021.10.06"]
[SourceQuality "1"]
[WhiteTeam "Karlovy Vary Tietz"]
[BlackTeam "Unichess III"]
[WhiteTeamCountry "CZE"]
[BlackTeamCountry "CZE"]

1. e4 c6 2. d4 d5 3. Nd2 dxe4 4. Nxe4 Bf5 5. Ng3 Bg6 6. h4 h6 7. Nf3 Nd7 8. Bd3 Bxd3 9. Qxd3 e6 10. Bd2 Qc7 11. 0-0 Ngf6 12. c4 Bd6 13. Ne2 0-0 14. Rac1 e5 15. c5 Be7 16. dxe5 Nxe5 17. Nxe5 Qxe5 18. Bc3 Qe4 19. Qh3 Nd5 20. Ng3 Qxh4 21. Qxh4 Bxh4 22. Bxg7 Kxg7 23. Nf5+ Kf6 24. Nxh4 Rfe8 25. Rfe1 Nf4 26. Rxe8 Rxe8 27. Rc4 Re1+ 28. Kh2 Nd3 29. Rc3 Rd1 30. Kg3 Nxb2 31. Rf3+ Ke6 32. Nf5 Rd3 33. Nxh6 Rxf3+ 34. Kxf3 Nd3 35. g4 Nxc5 36. Ke3 Nd7 37. f4 f6 38. Ke4 Nc5+ 39. Kd4 b6 40. Nf5 Nb7 41. Ng7+ Ke7 42. Nf5+ Kd7 43. Ng3 Nd6 44. a4 Ke6 45. Nh5 c5+ 46. Kd3 a6 47. Ng7+ Kd5 48. Nh5 Ne4 49. Ke3 b5 50. axb5 axb5 51. f5 Ke5 52. Nf4 Nc3 53. Ng6+ Kd6 54. Nf8 Nd5+ 55. Kd3 c4+ 56. Kd2 Ke5 57. Ne6 b4 58. Nd8 Kf4 59. Nf7 c3+ 60. Kd3 b3 61. Nd6 b2 62. Kc2 Ne3+ 63. Kb1 Nf1 0-1

[Event "CZE-chT 1314"]
[Site "Czech Republic"]
[Date "2014.03.23"]
[Round "11.8"]
[White "Kriebel, Tadeas"]
[Black "Hucin, Jan"]
[Result "0-1"]
[WhiteElo "2363"]
[BlackElo "2209"]
[PlyCount "118"]
[EventDate "2013.11.02"]
[EventType "team-tourn"]
[EventRounds "11"]
[EventCountry "CZE"]
[SourceTitle "EXT 2015"]
[Source "ChessBase"]
[SourceDate "2014.11.20"]
[SourceVersion "1"]
[SourceVersionDate "2014.11.20"]
[SourceQuality "1"]
[WhiteTeam "Novoborsky"]
[BlackTeam "Praha Postovni Sporitelna"]
[WhiteTeamCountry "CZE"]
[BlackTeamCountry "CZE"]

1. e4 e5 2. Nf3 Nc6 3. Bb5 Nf6 4. d3 Bc5 5. 0-0 d6 6. c3 0-0 7. h3 a6 8. Ba4 Ne7 9. Bc2 Ng6 10. d4 Ba7 11. Be3 Re8 12. Nbd2 b5 13. a4 exd4 14. Nxd4 Bb7 15. Re1 c5 16. Nf5 d5 17. Nb3 Nxe4 18. Bxe4 Rxe4 19. axb5 Rc8 20. bxa6 Ba8 21. Na5 Qf6 22. Ng3 Re6 23. Qg4 Ne5 24. Qf5 Qxf5 25. Nxf5 g6 26. Bf4 Rce8 27. Nh6+ Kg7 28. Bxe5+ Rxe5 29. Rxe5 Rxe5 30. Ng4 Re2 31. b3 d4 32. Kf1 Re6 33. cxd4 cxd4 34. Nc4 d3 35. Nge5 Bd4 36. Rd1 Bxe5 37. Rxd3 Kf6 38. a7 Ra6 39. Nxe5 Kxe5 40. Rd7 Ke6 41. Rc7 Bd5 42. b4 Kd6 43. Rc8 Rxa7 44. Rd8+ Ke6 45. Rh8 h5 46. Re8+ Kf6 47. Rd8 Ra1+ 48. Ke2 Bxg2 49. h4 Rb1 50. Rd6+ Ke5 51. Rb6 Kf4 52. Rf6+ Kg4 53. Rxf7 Rxb4 54. Rf6 Be4 55. Ke3 Bf5 56. Ra6 Re4+ 57. Kd2 Kf3 58. Ra3+ Kxf2 59. Rf3+ Kxf3 0-1

[Event "CZE-chT2C 1314"]
[Site "Czech Republic"]
[Date "2014.02.16"]
[Round "8.1"]
[White "Seidl, Stepan"]
[Black "Hucin, Jan"]
[Result "1-0"]
[WhiteElo "2212"]
[BlackElo "2209"]
[PlyCount "43"]
[EventDate "2013.11.03"]
[EventType "team-tourn"]
[EventRounds "11"]
[EventCountry "CZE"]
[SourceTitle "EXT 2015"]
[Source "ChessBase"]
[SourceDate "2014.11.20"]
[SourceVersion "1"]
[SourceVersionDate "2014.11.20"]
[SourceQuality "1"]
[WhiteTeam "Jihlava Gambit"]
[BlackTeam "Postovni sporitelna III"]
[WhiteTeamCountry "CZE"]
[BlackTeamCountry "CZE"]

1. e4 e5 2. Nf3 Nc6 3. Bb5 Nf6 4. 0-0 Nxe4 5. d4 a6 6. Bxc6 dxc6 7. Re1 Nf6 8. Nbd2 Be7 9. dxe5 Nd5 10. Ne4 0-0 11. Qe2 Bg4 12. c4 Nb6 13. b3 Qc8 14. h3 Bxf3 15. Qxf3 Qe6 16. Bb2 Nd7 17. Nf6+ Kh8 18. Qd3 gxf6 19. exf6 Nxf6 20. Rxe6 fxe6 21. Re1 Rad8 22. Qe2 1-0

[Event "CZE-chT2C 1314"]
[Site "Czech Republic"]
[Date "2014.02.02"]
[Round "7.1"]
[White "Hucin, Jan"]
[Black "Piza, Vlastimil"]
[Result "0-1"]
[WhiteElo "2209"]
[BlackElo "2244"]
[PlyCount "108"]
[EventDate "2013.11.03"]
[EventType "team-tourn"]
[EventRounds "11"]
[EventCountry "CZE"]
[SourceTitle "EXT 2015"]
[Source "ChessBase"]
[SourceDate "2014.11.20"]
[SourceVersion "1"]
[SourceVersionDate "2014.11.20"]
[SourceQuality "1"]
[WhiteTeam "Postovni sporitelna III"]
[BlackTeam "Jihlava Gordic"]
[WhiteTeamCountry "CZE"]
[BlackTeamCountry "CZE"]

1. e4 c5 2. Nf3 d6 3. Bb5+ Nd7 4. d4 cxd4 5. Qxd4 a6 6. Bxd7+ Bxd7 7. c4 Rc8 8. Nc3 e6 9. b3 Nf6 10. 0-0 Be7 11. a4 0-0 12. Bb2 Qa5 13. Rfd1 Rfd8 14. e5 dxe5 15. Qxe5 Qxe5 16. Nxe5 Be8 17. Ne2 Ne4 18. Nd3 b5 19. axb5 axb5 20. f3 bxc4 21. bxc4 Nd6 22. c5 Nf5 23. Ne5 Bxc5+ 24. Kh1 Ne3 25. Rxd8 Rxd8 26. Bc3 f6 27. Ng4 Nd5 28. Bd4 Bxd4 29. Nxd4 Nf4 30. Nc2 Nxg2 31. Kxg2 Rd2+ 32. Kg3 Rxc2 33. f4 Bc6 34. Ne3 Rc3 35. Kf2 Be4 36. Ra4 f5 37. Ra7 h6 38. Re7 Rc6 39. Ra7 Kf8 40. h4 Rc1 41. Rd7 Rh1 42. Kg3 Rc1 43. Ra7 Rc3 44. Kf2 Rc5 45. Kg3 e5 46. fxe5 g5 47. hxg5 hxg5 48. Kf2 Rxe5 49. Nc4 Re6 50. Rc7 Rc6 51. Rxc6 Bxc6 52. Ne5 Bb7 53. Nc4 Ke7 54. Ke3 Ke6 0-1

[Event "CZE-chT2C 1314"]
[Site "Czech Republic"]
[Date "2013.12.15"]
[Round "4.1"]
[White "Tuma, Jiri"]
[Black "Hucin, Jan"]
[Result "1-0"]
[WhiteElo "2326"]
[BlackElo "2209"]
[PlyCount "25"]
[EventDate "2013.11.03"]
[EventType "team-tourn"]
[EventRounds "11"]
[EventCountry "CZE"]
[SourceTitle "EXT 2015"]
[Source "ChessBase"]
[SourceDate "2014.11.20"]
[SourceVersion "1"]
[SourceVersionDate "2014.11.20"]
[SourceQuality "1"]
[WhiteTeam "Kutna Hora"]
[BlackTeam "Postovni sporitelna III"]
[WhiteTeamCountry "CZE"]
[BlackTeamCountry "CZE"]

1. e4 c6 2. d4 d5 3. e5 c5 4. Nf3 Bg4 5. Bb5+ Nc6 6. e6 Bxe6 7. 0-0 Bg4 8. c4 Bxf3 9. Qxf3 a6 10. cxd5 axb5 11. dxc6 Qb6 12. cxb7 Ra7 13. Qc6+ 1-0

[Event "CZE-chT2C 1314"]
[Site "Czech Republic"]
[Date "2013.12.01"]
[Round "3.2"]
[White "Hucin, Jan"]
[Black "Fajman, Petr"]
[Result "0-1"]
[WhiteElo "2209"]
[BlackElo "2267"]
[PlyCount "90"]
[EventDate "2013.11.03"]
[EventType "team-tourn"]
[EventRounds "11"]
[EventCountry "CZE"]
[SourceTitle "EXT 2015"]
[Source "ChessBase"]
[SourceDate "2014.11.20"]
[SourceVersion "1"]
[SourceVersionDate "2014.11.20"]
[SourceQuality "1"]
[WhiteTeam "Postovni sporitelna III"]
[BlackTeam "Praha Dukla"]
[WhiteTeamCountry "CZE"]
[BlackTeamCountry "CZE"]

1. d4 Nf6 2. Nf3 g6 3. c4 Bg7 4. Nc3 0-0 5. Bg5 d6 6. e3 Bf5 7. Bd3 Bxd3 8. Qxd3 c6 9. 0-0 Nbd7 10. b4 Qc7 11. Rab1 Rfe8 12. e4 h6 13. Be3 Ng4 14. Bd2 Rad8 15. h3 Ngf6 16. Rfc1 Qb8 17. Qe2 Nh7 18. Bf4 e5 19. dxe5 dxe5 20. Be3 Nhf8 21. b5 Qa8 22. Rc2 Ne6 23. bxc6 bxc6 24. Rd2 Ndc5 25. Rbd1 Rxd2 26. Rxd2 Qb8 27. Rb2 Qc7 28. Bxc5 Nxc5 29. Qe3 Ne6 30. Na4 Qa5 31. Nc3 Nd4 32. Ne2 Rd8 33. Nexd4 exd4 34. Qd3 Qc7 35. g3 c5 36. Ne1 Qe7 37. Nf3 h5 38. Rb5 Bh6 39. Nd2 Bxd2 40. Qxd2 Qxe4 41. Rxc5 d3 42. Rb5 Qxc4 43. Rb3 Qd4 44. h4 a5 45. Rb1 Rc8 0-1